| Tag |
First Indicator |
Second Indicator |
Subfields |
| LEADER |
00000cam a2200000Ia 4500 |
| 001 |
in00001686821 |
| 005 |
20151024131904.0 |
| 008 |
011203s2001 it a b i000 0 eng d |
| 020 |
|
|
|a 9251046255 (pbk.)
|
| 035 |
|
|
|a (OCoLC)ocm48520888
|
| 040 |
|
|
|a FQG
|c FQG
|d UIU
|d TXA
|d UtOrBLW
|
| 043 |
|
|
|a s-bl---
|
| 049 |
|
|
|a TXAM
|
| 090 |
|
|
|a S944
|b .B68 2001
|
| 092 |
0 |
|
|a 631
|b So3471, no.78
|2 21
|
| 100 |
1 |
|
|a Bot, Alexandra.
|
| 245 |
1 |
0 |
|a Conservation agriculture :
|b case studies in Latin America and Africa /
|c Land and Plant Nutrition Management Service, Land and Water Development Division ; [prepared by Alexandra Bot ... and José Benites].
|
| 264 |
|
1 |
|a Rome :
|b Food and Agriculture Organization of the United Nations,
|c [2001]
|
| 264 |
|
4 |
|c ©2001
|
| 300 |
|
|
|a ix, 69 pages :
|b color illustrations ;
|c 30 cm.
|
| 336 |
|
|
|a text
|b txt
|2 rdacontent
|
| 337 |
|
|
|a unmediated
|b n
|2 rdamedia
|
| 338 |
|
|
|a volume
|b nc
|2 rdacarrier
|
| 490 |
1 |
|
|a FAO soils bulletin,
|x 0253-2050 ;
|v 78
|
| 504 |
|
|
|a Includes bibliographical references.
|
| 650 |
|
0 |
|a Conservation of natural resources
|z Latin America.
|
| 650 |
|
0 |
|a Conservation of natural resources
|z Africa.
|
| 650 |
|
0 |
|a Agriculture
|z Latin America.
|
| 650 |
|
0 |
|a Agriculture
|z Africa.
|
| 700 |
1 |
|
|a Benites, José.
|
| 710 |
2 |
|
|a Food and Agriculture Organization of the United Nations.
|
| 710 |
2 |
|
|a Food and Agriculture Organization of the United Nations.
|b Land and Plant Nutrition Management Service.
|
| 710 |
2 |
|
|a Food and Agriculture Organization of the United Nations.
|b Land and Water Development Division.
|
| 830 |
|
0 |
|a FAO soils bulletin.
|x 0253-2050 ;
|v 78.
|
| 994 |
|
|
|a E0
|b TXA
|
| 948 |
|
|
|a cataloged
|b h
|c 2002/5/20
|d c
|e blrosas
|f 2:24:31 pm
|
| 999 |
|
|
|a MARS
|
| 999 |
f |
f |
|s 7696dead-c207-33ca-b7bf-95836ea1cbc4
|i 6c455846-5a38-3f66-9114-78b780e998ff
|t 0
|
| 952 |
f |
f |
|p ric
|a Texas A&M University
|b Rellis Campus
|c Joint Library Facility
|d Remote Storage
|t 0
|e S944 .B68 2001
|h Library of Congress classification
|i unmediated -- volume
|m A14828915933
|
| 998 |
f |
f |
|a S944 .B68 2001
|t 0
|l Remote Storage
|